Itineraris : ronda codinenca : Sant Feliu de Codines : Vallès Oriental ronda codinenca :
Publicado:
[Barcelona] :
Diputació de Barcelona, Xarxa de Municipis, Oficina Tècnica de Turisme, DL 2001
Descripción Física:
[5] p. : il. col., fot. ; 21 cm
MARC
| LEADER | 00000nam a2200000Ia 4500 | ||
|---|---|---|---|
| 001 | 15203 | ||
| 008 | 160829s9999 xx 000 0 cat d | ||
| 080 | |a FU-35-28 | ||
| 245 | |a Itineraris : |b ronda codinenca : |b Sant Feliu de Codines : |b Vallès Oriental | ||
| 260 | |a [Barcelona] : |b Diputació de Barcelona, Xarxa de Municipis, Oficina Tècnica de Turisme, DL 2001 | ||
| 300 | |a [5] p. : |b il. col., fot. ; |c 21 cm | ||
| 590 | |a A la portada: Ajuntament de Sant Feliu de Codines. | ||
| 590 | |a Inclou mapa de la zona | ||
| 650 | |a Sant Feliu de Codines |x Guies |9 27734 | ||
| 650 | |a Sant Feliu de Codines |x Circuits turístics |9 27735 | ||
| 710 | |a Barcelona (Catalunya : Província). |b Oficina Tècnica de Turisme |9 53579 | ||
| 710 | |a Sant Feliu de Codines (Catalunya). |b Ajuntament |9 55305 | ||
| 901 | |a Arxiu | ||
| 942 | |n 1 | ||
| 952 | |0 0 |1 0 |4 0 |6 FU3528 |7 1 |9 44531 |a Arxiu |b Arxiu |d 2016-12-01 |l 0 |o FU-35-28 |p 15203 |r 2016-12-01 00:00:00 |w 2016-12-01 |y ARXIU | ||
| 999 | |c 47112 |d 47112 | ||